| 000 | 00769nam a2200277Ia 4500 | ||
|---|---|---|---|
| 001 | Para_95 | ||
| 003 | CHAP | ||
| 008 | 220125s1999 xx 000 0 und d | ||
| 010 | _a198819 | ||
| 040 | _cCHAP | ||
| 090 | _aPA FOLLETO 104 | ||
| 100 |
_aLoftin, U. C. _9164113 |
||
| 245 |
_aA report on the corn aphis, aphis maidis Fitch, in Cuba / _c by por U.C. Loftin and L. dean Christenson |
||
| 260 |
_as.l. : _b s.n. |
||
| 300 | _a48 h. | ||
| 650 |
_aMaíz _xEnfermedades _970939 |
||
| 650 |
_aMaíz _xPlagas _971034 |
||
| 700 |
_aI. Christenson, L. dean _9164114 |
||
| 901 | _aPA FOLLETO 104 | ||
| 902 | _aA | ||
| 905 | _a000000-19- 0000000000 00 | ||
| 910 | _a-19- | ||
| 942 | _cPARA | ||
| 942 |
_cPARA _d1 |
||
| 999 |
_c198819 _d198819 |
||